000 00954nam a2200265Ia 4500
003 OSt
005 20220923211508.0
006 a|||||r|||| 00| 0
007 ta
008 220922b |||||||| |||| 00| 0 hin d
020 _a9789380033297 (hbk)
_c1595
024 _a348,095
037 _b243, 16/01/2019, Eastern Book Linkers
_cTextual
040 _aARTS
_cARTS
_bhin
041 _2hin
_ahin
082 _aY:1.2'C, 152Q9
100 _aनागर, उषा, ले.
245 0 _aप्राचीन भारतीय संस्कृति
246 _aPrāchīn bhāratīya sanskṛuti
260 _aजयपुर
_b पैराडाइज पब्लिशर्स
_c2019
300 _a257पृ.
_ccm.
650 _aभारतीय संस्कृति
_9157954
942 _hY:1.2'C, 152Q9
_cTEXL
_2CC
999 _c300148
_d300148